000 00781nas a2200277 i 4500
001 2410
003 ES-MaACL
005 20250217134626.0
007 t|
008 950801d18941943gw | | 1 ||er d
080 _a437
245 0 0 _aZentralblatt für innere medizin.
260 _aLeipzig :
_bJohann Ambrosius Barth,
_c1894-1943? (
_fBreitkopf)
300 _a3 v. ;
_c23 cm.
310 _aMensual
362 0 _a15.1894 - 64.1943[?]
650 1 4 _aPatología.
_915884
700 1 _aSchmidt, Adolf,
_edir.
_9104460
700 1 _aVolhard, Franz.
_9115691
700 1 _aGrote, L.R.,
_eed. lit.
_9227644
700 1 _aHartwich, A.,
_eed. lit.
_9227645
700 1 _aBohn, H.
_929835
852 _aES-MaACL
_jHem-194
866 0 _o1913-34(1935-36).
999 _c2410
_d2410